MOGHA'S THE INDIAN CONVEYANCER (Record no. 20752)

MARC details
000 -LEADER
fixed length control field 00300nam a22001337a 4500
003 - CONTROL NUMBER IDENTIFIER
control field SGT
082 ## - DEWEY DECIMAL CLASSIFICATION NUMBER
Classification number 346.5404
Item number PRA
100 ## - MAIN ENTRY--PERSONAL NAME
Personal name PRAKASH ,PREM
245 ## - TITLE STATEMENT
Title MOGHA'S THE INDIAN CONVEYANCER
250 ## - EDITION STATEMENT
Edition statement 9TH
260 ## - PUBLICATION, DISTRIBUTION, ETC. (IMPRINT)
Place of publication, distribution, etc CALCUTTA
Name of publisher, distributor, etc EASTERN LAW HOUSE
Year of Publication 1984
300 ## - PAGE DESCRIPTION
No. of Pages XLIII , 859
942 ## - ADDED ENTRY ELEMENTS (KOHA)
Source of classification or shelving scheme Dewey Decimal Classification
Koha item type Books
Holdings
Withdrawn status Lost status Source of classification or shelving scheme Damaged status Not for loan Collection code Home library Current library Shelving location Date acquired SGTU Full call number Accession No. (Barcode) Date last seen Bill Date Koha item type
    Dewey Decimal Classification   Not For Loan LAW SGT Science & Social Sciences Library SGT Science & Social Sciences Library Reference Book 15/10/2020 SGTU 346.5404 PRA FL2495 15/10/2020 15/10/2020 Books